MARC details
| 000 -LEADER |
| campo de control de longitud fija |
01656nam a22004697a 4500 |
| 003 - IDENTIFICADOR DE NÚMERO DE CONTROL |
| campo de control |
OSt |
| 005 - FECHA Y HORA DE LA ÚLTIMA TRANSACCIÓN |
| campo de control |
20230424130338.0 |
| 008 - DATOS DE LONGITUD FIJA--INFORMACIÓN GENERAL |
| campo de control de longitud fija |
221006b |||||||| |||| 00| 0 eng d |
| 040 ## - FUENTE DE CATALOGACIÓN |
| Centro/agencia transcriptor |
Biblioteca Lado V |
| 082 ## - NÚMERO DE LA CLASIFICACIÓN DECIMAL DEWEY |
| Número de clasificación |
700 |
| Número de ítem |
Z39a |
| 100 ## - ENTRADA PRINCIPAL--NOMBRE DE PERSONA |
| 9 (RLIN) |
85 |
| Nombre de persona |
Zaya, Octavio |
| Término indicativo de función/relación |
editor |
| -- |
director |
| 245 ## - MENCIÓN DEL TÍTULO |
| Título |
Atalantica/ |
| Resto del título |
Homenaje para Antonio Zaya/ |
| 260 ## - PUBLICACIÓN, DISTRIBUCIÓN, ETC. |
| Nombre del editor, distribuidor, etc. |
Centro Atlantico de Arte Moderno |
| Lugar de publicación, distribución, etc. |
España |
| 300 ## - DESCRIPCIÓN FÍSICA |
| Dimensiones |
21x27cm |
| Extensión |
214p. |
| 366 ## - INFORMACIÓN SOBRE DISPONIBILIDAD COMERCIAL |
| Nota |
fre |
| 366 ## - INFORMACIÓN SOBRE DISPONIBILIDAD COMERCIAL |
| Nota |
eng |
| 490 ## - MENCIÓN DE SERIE |
| Número Internacional Normalizado para Publicaciones Seriadas |
1132-8428 |
| Mención de serie |
41-42 |
| 505 ## - NOTA DE CONTENIDO CON FORMATO |
| Título |
Planes Academicos |
| 505 ## - NOTA DE CONTENIDO CON FORMATO |
| Título |
Un Proyecto de Vito Acconci |
| 505 ## - NOTA DE CONTENIDO CON FORMATO |
| Título |
Juegos Arquitectónicos |
| 505 ## - NOTA DE CONTENIDO CON FORMATO |
| Título |
Un Proyecto de Lara Almarcegui |
| 505 ## - NOTA DE CONTENIDO CON FORMATO |
| Título |
Seis Instantáneas sobre lo publico |
| 505 ## - NOTA DE CONTENIDO CON FORMATO |
| Título |
Un Proyecto de Pedro Deniz |
| 505 ## - NOTA DE CONTENIDO CON FORMATO |
| Título |
Anthony Goicolea |
| 505 ## - NOTA DE CONTENIDO CON FORMATO |
| Título |
un Proyecto de Roni Horn |
| 505 ## - NOTA DE CONTENIDO CON FORMATO |
| Título |
De la memoria Genética |
| 505 ## - NOTA DE CONTENIDO CON FORMATO |
| Título |
Un Portafolio de Massimo Vitali |
| 505 ## - NOTA DE CONTENIDO CON FORMATO |
| Título |
Los Relatos de ella |
| 505 ## - NOTA DE CONTENIDO CON FORMATO |
| Título |
Jose A. Vincench |
| 505 ## - NOTA DE CONTENIDO CON FORMATO |
| Título |
Un Proyecto de Robin Rhode |
| 505 ## - NOTA DE CONTENIDO CON FORMATO |
| Título |
Entrevista con Arthur C. Danto |
| 650 ## - PUNTO DE ACCESO ADICIONAL DE MATERIA--TÉRMINO DE MATERIA |
| Fuente del encabezamiento o término |
Tesauro de Arte & Arquitectura |
| Término de materia o nombre geográfico como elemento de entrada |
ARTE |
| 9 (RLIN) |
703 |
| 650 ## - PUNTO DE ACCESO ADICIONAL DE MATERIA--TÉRMINO DE MATERIA |
| Fuente del encabezamiento o término |
Tesauro de Arte & Arquitectura |
| Término de materia o nombre geográfico como elemento de entrada |
EXPOSICIONES |
| 650 ## - PUNTO DE ACCESO ADICIONAL DE MATERIA--TÉRMINO DE MATERIA |
| Fuente del encabezamiento o término |
Tesauro de Arte & Arquitectura |
| Término de materia o nombre geográfico como elemento de entrada |
CULTURA |
| 650 ## - PUNTO DE ACCESO ADICIONAL DE MATERIA--TÉRMINO DE MATERIA |
| Fuente del encabezamiento o término |
Tesauro de Arte & Arquitectura |
| Término de materia o nombre geográfico como elemento de entrada |
APRECIACION |
| 650 ## - PUNTO DE ACCESO ADICIONAL DE MATERIA--TÉRMINO DE MATERIA |
| Fuente del encabezamiento o término |
Tesauro de Arte & Arquitectura |
| Término de materia o nombre geográfico como elemento de entrada |
TEORIA |
| 650 ## - PUNTO DE ACCESO ADICIONAL DE MATERIA--TÉRMINO DE MATERIA |
| Fuente del encabezamiento o término |
Tesauro de Arte & Arquitectura |
| Término de materia o nombre geográfico como elemento de entrada |
CRITICA |
| 650 ## - PUNTO DE ACCESO ADICIONAL DE MATERIA--TÉRMINO DE MATERIA |
| Fuente del encabezamiento o término |
Tesauro de Arte & Arquitectura |
| Término de materia o nombre geográfico como elemento de entrada |
FOTOGRAFIA |
| 9 (RLIN) |
702 |
| 650 ## - PUNTO DE ACCESO ADICIONAL DE MATERIA--TÉRMINO DE MATERIA |
| Fuente del encabezamiento o término |
Tesauro de Arte & Arquitectura |
| Término de materia o nombre geográfico como elemento de entrada |
LITERATURA |
| 650 ## - PUNTO DE ACCESO ADICIONAL DE MATERIA--TÉRMINO DE MATERIA |
| Fuente del encabezamiento o término |
Tesauro de Arte & Arquitectura |
| Término de materia o nombre geográfico como elemento de entrada |
ESPAÑA |
| 942 ## - ELEMENTOS DE ENTRADA SECUNDARIOS (KOHA) |
| Fuente del sistema de clasificación o colocación |
Clasificación Decimal Dewey |
| Tipo de ítem Koha |
Libros |
| Parte de la signatura que corresponde a la clasificación (Parte de la clasificación) |
700 |
| Parte de la signatura que identifica el ejemplar (Parte del ítem) |
Z39a |
| Suprimir en OPAC |
No |